| 000 | 00456nam a22001457a 4500 | ||
|---|---|---|---|
| 005 | 20180730122517.0 | ||
| 020 |
_a0195644174 _c395.00 |
||
| 035 | _aA-948938, A-948937 | ||
| 037 |
_aDPL _bENG |
||
| 100 | _aMahajan, Gurpreet | ||
| 245 |
_aIdentities and rights : _bAspects of liberal democracy in India / _cby Gurpreet Mahajan |
||
| 260 |
_aDelhi _bOxford University Press _c1998 |
||
| 300 |
_a190p. _c20 cms. |
||
| 942 |
_2ddc _cEN _h323.4 _mMAH |
||
| 999 |
_c65809 _d65809 |
||